000 00714nam a2200253 a 4500
001 BRCA_5218
005 20190320205004.0
008 261110s1940----gw-a######---#000-0#ger-#
041 _ager
044 _agw
050 4 _aND813.V4
_b.K53 1940
100 1 _aKnackfuss, H.
_913362
245 1 0 _aVelázquez
_cvon H. Knackfuss.
250 _a6
260 _aLeipzig, Alemania
_bVelhagen & Klasing
_c1940
300 _a115 p.
_bil. (algunas a color), 88 láminas
_c26 cm.
440 0 _aKunstler-monographien
_v6
_913363
500 _aIncluye índice de ilustraciones
500 _aE52
600 1 4 _aVelázquez, Diego
_d1599-1660
_913364
650 1 4 _aPintores españoles
_97620
902 _aGFM
942 _2lcc
_cB
999 _c4912
_d4912